Online katalóg knižníc regiónu Turca

Na brehu spieva dav (Record no. 21230)

MARC details
000 -LEADER
fixed length control field 02292nam a2200457 a 4500
001 - CONTROL NUMBER
control field 21230
003 - CONTROL NUMBER IDENTIFIER
control field VRT
005 - DATE AND TIME OF LATEST TRANSACTION
control field 20260224162833.0
007 - PHYSICAL DESCRIPTION FIXED FIELD--GENERAL INFORMATION
fixed length control field fb a un a
008 - FIXED-LENGTH DATA ELEMENTS--GENERAL INFORMATION
fixed length control field 210928s2021 xo ff 000 f slo c
020 ## - INTERNATIONAL STANDARD BOOK NUMBER
International Standard Book Number 9788018100332
040 ## - CATALOGING SOURCE
Original cataloging agency LESKN
Language of cataloging slo
Transcribing agency LESKN
Description conventions AACR2
041 0# - LANGUAGE CODE
Language code of text/sound track or separate title slo
044 ## - COUNTRY OF PUBLISHING/PRODUCING ENTITY CODE
MARC country code xo
ISO country code SK
072 #7 - SUBJECT CATEGORY CODE
Subject category code 821.162.4-3
Subject category code subdivision Slovenská próza
Source konspekt
080 ## - UNIVERSAL DECIMAL CLASSIFICATION NUMBER
Universal Decimal Classification number 821.162.4-31
Edition identifier 2011
080 ## - UNIVERSAL DECIMAL CLASSIFICATION NUMBER
Universal Decimal Classification number (0:003.24)
Edition identifier 2001
100 1# - MAIN ENTRY--PERSONAL NAME
Personal name Franka, Michal
245 10 - TITLE STATEMENT
Title Na brehu spieva dav
Medium Braillovo písmo
Statement of responsibility, etc. Michal Franka ; [korektor: Stanislava Húsková]
250 ## - EDITION STATEMENT
Edition statement [1. vyd. ]
260 ## - PUBLICATION, DISTRIBUTION, ETC.
Place of publication, distribution, etc. Levoča
Name of publisher, distributor, etc. Slovenská knižnica pre nevidiacich Mateja Hrebendu
Date of publication, distribution, etc. 2021
300 ## - PHYSICAL DESCRIPTION
Extent 5 zv. v Braillovom písme
Dimensions 27 x 32 cm
520 8# - SUMMARY, ETC.
Summary, etc. Barbara s úspešnou kariérou a usporiadanou rodinou spácha násilný trestný čin. Úsilie svedka, sociálnych sietí a médií prispieť k jej spravodlivému potrestaniu vedie k dramatickým dôsledkom nielen pre ňu samu, ale aj pre mesto, v ktorom žije. Retrospektívne výpovede viacerých postáv postupne odkrývajú nielen to, čo tragickej potýčke predchádzalo, ale aj to, ako sa na pozadí radikalizujúcej sa spoločenskej nálady menia vzťahy medzi aktérmi súkromných i verejných udalostí.
655 #7 - INDEX TERM--GENRE/FORM
Genre/form data or focus term publikácie pre nevidiacich
Source of term SNKPH
655 #7 - INDEX TERM--GENRE/FORM
Genre/form data or focus term publikácie v Braillovom písme
Source of term SNKPH
655 #7 - INDEX TERM--GENRE/FORM
Genre/form data or focus term slovenské romány
Source of term SNKPH
700 1# - ADDED ENTRY--PERSONAL NAME
Personal name Húsková, Stanislava
Relationship pfr
787 08 - OTHER RELATIONSHIP ENTRY
Relationship information Podľa knihy:
Title Na brehu spieva dav
Place, publisher, and date of publication Bratislava : Ikar, a.s., 2020
International Standard Book Number 978-80-551-7589-8
910 ## - USER-OPTION DATA (OCLC)
User-option data leskn
942 ## - ADDED ENTRY ELEMENTS (KOHA)
Source of classification or shelving scheme Dewey Decimal Classification
Koha item type Krásna literatúra pre dospelých
Suppress in OPAC No
949 ## - LOCAL PROCESSING INFORMATION (OCLC)
6 0174034617
9 1
a leskn13695
b lesknBD2021/27805
949 ## - LOCAL PROCESSING INFORMATION (OCLC)
6 0174034618
9 1
a leskn13695
b lesknBD2021/27806
s 5720:20220712
949 ## - LOCAL PROCESSING INFORMATION (OCLC)
6 0174034619
9 2
a leskn13695
b lesknBD2021/27807
949 ## - LOCAL PROCESSING INFORMATION (OCLC)
6 0174034620
9 2
a leskn13695
b lesknBD2021/27808
s 5720:20220712
949 ## - LOCAL PROCESSING INFORMATION (OCLC)
6 0174034621
9 3
a leskn13695
b lesknBD2021/27809
949 ## - LOCAL PROCESSING INFORMATION (OCLC)
6 0174034622
9 3
a leskn13695
b lesknBD2021/27810
s 5720:20220712
949 ## - LOCAL PROCESSING INFORMATION (OCLC)
6 0174034623
9 4
a leskn13695
b lesknBD2021/27811
949 ## - LOCAL PROCESSING INFORMATION (OCLC)
6 0174034624
9 4
a leskn13695
b lesknBD2021/27812
s 5720:20220712
949 ## - LOCAL PROCESSING INFORMATION (OCLC)
6 0174034625
9 5
a leskn13695
b lesknBD2021/27813
949 ## - LOCAL PROCESSING INFORMATION (OCLC)
6 0174034626
9 5
a leskn13695
b lesknBD2021/27814
s 5720:20220712
Holdings
Stav vyradenia Strata Poškodenie Spôsob nadobudnutia Domovská knižnica Aktuálna knižnica Dátum nadobudnutia Total checkouts Čiarový kód exemplára Date last seen Typ exemplára
      Dar Obecná knižnica Horná Štubňa Obecná knižnica Horná Štubňa 24.02.2026   9788055175898 24.02.2026 Krásna literatúra pre dospelých
Projekt je podporený Slovenskou asociáciou knižníc
Prevádzkuje Turčianska knižnica Martin 2026